| 000 | 00546nam a2200217Ia 4500 | ||
|---|---|---|---|
| 005 | 20250425162753.0 | ||
| 008 | 250425s9999 xx 000 0 und d | ||
| 041 | _aspa | ||
| 043 | _aec | ||
| 082 | _a394 | ||
| 100 | _aCORNEJO, JUSTINO | ||
| 245 | 0 | _aAPODOS, CHAPAS O AGNOMENTOS EN LA LENGUA Y EL FOLCLORE | |
| 250 | _aS.E. | ||
| 260 |
_aEcuador _bBIBLIOTECA MUNICIPAL DE GUAYAQUIL _c2004 |
||
| 260 | _aGUAYAQUIL | ||
| 300 | _a364 | ||
| 650 | _aCULTURA POPULAR | ||
| 650 | _aLITERATURA FOLKLORICA | ||
| 942 | _c01 | ||
| 010 | _a107427 | ||
| 999 |
_c236095 _d236095 |
||